Etudes complémentaires de l'esprit du dorit romain: V á IX

Guardat en:
Dades bibliogràfiques
Autor principal: Jhering, Rudolph von (Autor)
Format: Llibre
Idioma:espanyol
Publicat: París A. Maresco 1903
Matèries:
Etiquetes: Afegir etiqueta
Sense etiquetes, Sigues el primer a etiquetar aquest registre!

MARC

LEADER 00000nam a2200000 a 4500
001 UCS8420
003 CL-VaPUC
008 971031e19030000FR |||||||||||||||||spa|d
082 0 4 |a 340.54  |b JHE  |2 21 
100 |a Jhering, Rudolph von  |e author  |9 569184 
245 1 0 |a Etudes complémentaires de l'esprit du dorit romain: V á IX 
300 |a 597 p 
942 |c BK 
945 |d 19971031 00:00:00  |a lriquelm 
260 |a París  |b A. Maresco  |c 1903 
500 |a v: Du transport de la reivincatio 
500 |a vi: De la coopération aux actes juridiques d'autrui 
500 |a vii: Des effets réflexes 
500 |a viii: De la passiveté des droits 
500 |a ix: L'obligation solidaire active 
650 0 |a Derecho romano  |9 255930 
650 0 |a Historia  |9 255047 
650 0 |a Estado  |9 255503 
650 7 |a DERECHO ANTIGUO  |2 CL-VaPUC  |9 393302 
650 0 |a Jurisprudencia  |9 255952 
650 0 |a Derecho privado  |9 258243 
583 |a last modification  |c 19971031 00:00:00  |k Rodrigo Vera 
999 |c 262849  |d 262847 
952 |0 0  |1 0  |4 0  |6 340_540000000000000_JHE_1903  |7 0  |8 DER_ROM  |9 291754  |a BIBDER  |b BIBDER  |d 2019-11-19  |i 1894919  |o 340.54 JHE 1903  |p 1894919  |r 2023-01-25  |w 2019-11-19  |x Ubicación 4to piso  |y BK  |z Este recurso debe solicitarse con anticipación  |k DER